| 000 | 01468cam a2200289 a 4500 | ||
|---|---|---|---|
| 001 | 17067393 | ||
| 005 | 20170105102905.0 | ||
| 008 | 111202s2012 nyub b 001 0 eng | ||
| 010 | _a 2011048419 | ||
| 020 | _a9780415808538 (hardback) | ||
| 020 | _a9780203139882 (ebook) | ||
| 040 |
_aDLC _cDLC _dDLC |
||
| 042 | _apcc | ||
| 050 | 0 | 0 |
_aGN380 _b.R97 2012 |
| 082 | 0 | 0 |
_a323.11 _223 |
| 100 | 1 | _aRyser, Rudolph C. | |
| 245 | 1 | 0 |
_aIndigenous nations and modern states : _bthe political emergence of nations challenging state power / _cby Rudolph C. RĂ¿ser. |
| 260 |
_aNew York ; _aLondon : _bRoutledge, _c2012. |
||
| 300 |
_axviii, 298 p. : _bmaps ; _c24 cm. |
||
| 504 | _aIncludes bibliographical references (p. 281-288) and index. | ||
| 505 | 0 | _aIntroduction: where we are standing decides our point of view -- Emerging modern nations -- Fourth world geopolitics -- Four nations and the U.S.A. -- First nations and Canada -- The laboratory of internal political change -- The laboratory of external political change -- Fourth world wars in the shadows -- Dispatches from the fourth world -- The global movement of nations -- A world of nations and states. | |
| 650 | 0 |
_aIndigenous peoples _xPolitics and government. |
|
| 650 | 0 |
_aIndigenous peoples _xGovernment relations. |
|
| 906 |
_a7 _bcbc _corignew _d1 _eecip _f20 _gy-gencatlg |
||
| 942 |
_2ddc _cBK |
||
| 999 |
_c14844 _d14844 |
||